Hayley Williams - Glum Lyrics - Statistics

General Stats
  • This quiz has been taken 14 times
  • The average score is 184 of 232
Answer Stats
Answer % Correct
a
91%
could
91%
Do
91%
do
91%
glum
91%
I
91%
I'm
91%
implode
91%
no
91%
(No
91%
of
91%
on
91%
On
91%
so
91%
that
91%
the
91%
when
91%
you
91%
all
82%
alone
82%
and
82%
And
82%
around
82%
as
82%
back
82%
day
82%
don't
82%
Don't
82%
ever
82%
feel
82%
(feel)
82%
felt
82%
from,
82%
from
82%
go
82%
horn
82%
In
82%
in
82%
it
82%
it's
82%
I've
82%
know
82%
know)
82%
laying
82%
long
82%
never
82%
one
82%
out
82%
park,
82%
roll
82%
song
82%
Spaced
82%
stoplight
82%
sunshine
82%
their
82%
this
82%
to
82%
tune
82%
wake
82%
wanna
82%
we're
82%
wherever
82%
Wherever
82%
who's
82%
window
82%
(window,
82%
window)
82%
with
82%
would
82%
your
82%
anyone
73%
at
73%
'Cause
73%
Does
73%
doing
73%
down
73%
fuck
73%
here
73%
Hey
73%
if
73%
I'll
73%
is
73%
listen
73%
living
73%
look
73%
made
73%
man,
73%
moonlight,
73%
normal
73%
put
73%
what
73%
years
73%
but
64%
far,
64%
my
64%
not
64%
quite
64%
reach
64%
seven
64%
Think
64%
thirty
64%
up
64%
way
64%
wonder
64%
wonder,
64%
already
55%
for
55%
home
55%
light's
55%
nobody's
55%
show
55%
someone
55%
(someone)
55%
still
55%
Stick
45%
stick
45%
yellow,
36%
'til
27%
dawn,
18%
No matching quizzes found
Score Distribution
Percent of People with Each Score
Percentile by Number Answered
Your Score History
You have not taken this quiz